Paesi Uniti #4 - Statistics

Statistiche generali
  • Questo quiz è stato fatto 5.979 volte
  • Il punteggio medio è 12 su 20
Risposte nella Mappa
Le risposte nella mappa del quiz sottostante sono codificate secondo una scala di colori dal rosso al verde in base alla % di persone che hanno risposto correttamente.
 
Statistiche sulle risposte
Paese % Corretto
Stati Uniti
91%
Italia
84%
Messico
80%
Svizzera
74%
Germania
71%
Cile
67%
Kazakistan
66%
Ciad
64%
Paesi Bassi
64%
Bolivia
62%
Repubblica Democratica del Congo
62%
Uzbekistan
59%
Repubblica Centrafricana
58%
Oman
55%
Yemen
55%
Ghana
45%
Uganda
45%
Costa d'Avorio
43%
Ucraina
42%
Moldavia
39%
Nessun quiz corrispondente trovato
Distribuzione punteggi
Percentuale di utenti per punteggio
Percentile per numero di risposta
I tuoi punteggi nel tempo
Non hai fatto questo quiz